Catálogo público

100 problemas resueltos de estadística multivariante (implementados en Matlab) / (Record no. 218655)

MARC details
000 -CABECERA
campo de control de longitud fija 01832nam a2200349 a 4500
003 - IDENTIFICADOR DEL NÚMERO DE CONTROL
campo de control CHAP
005 - FECHA Y HORA DE LA ÚLTIMA TRANSACCIÓN
campo de control 20230502171158.0
007 - CAMPO FIJO DE DESCRIPCIÓN FÍSICA--INFORMACIÓN GENERAL
campo de control de longitud fija ta
008 - DATOS DE LONGITUD FIJA--INFORMACIÓN GENERAL
campo de control de longitud fija 230502s2017 sp db||fr|||| 001 0 spa d
020 ## - NÚMERO INTERNACIONAL ESTÁNDAR DEL LIBRO
Número Internacional Estándar del Libro 978-84-96477-73-5
040 ## - FUENTE DE LA CATALOGACIÓN
Centro catalogador/agencia de origen mxchpua
Centro/agencia transcriptor CHAP
Normas de descripción rda
050 10 - SIGNATURA TOPOGRÁFICA DE LA BIBLIOTECA DEL CONGRESO
Número de clasificación QA278
Número de documento/Ítem .B35 2017
082 00 - NÚMERO DE LA CLASIFICACIÓN DECIMAL DEWEY
Número de clasificación 519.535
Número de documento/Ítem B35 2017
Número de edición 20
100 1# - ENTRADA PRINCIPAL--NOMBRE DE PERSONA
9 (RLIN) 186873
Nombre de persona Baillo Moreno, Amparo
Término indicativo de función/relación autora
245 14 - MENCIÓN DE TÍTULO
Título 100 problemas resueltos de estadística multivariante (implementados en Matlab) /
Mención de responsabilidad, etc. Amparo Baillo Moreno y Aurea Grané Chávez
250 ## - MENCIÓN DE EDICIÓN
Mención de edición 1a edición
264 ## - PRODUCCIÓN, PUBLICACIÓN, DISTRIBUCIÓN, FABRICACIÓN Y COPYRIGHT
Producción, publicación, distribución, fabricación y copyright España :
Nombre del de productor, editor, distribuidor, fabricante Delta,
Fecha de producción, publicación, distribución, fabricación o copyright 2017
300 ## - DESCRIPCIÓN FÍSICA
Extensión x, 193 páginas :
Otras características físicas tablas, gráficas y mapas
336 ## - TIPO DE CONTENIDO
Fuente rdacontent
Término de tipo de contenido texto
Código de tipo de contenido txt
337 ## - TIPO DE MEDIO
Fuente rdamedia
Nombre/término del tipo de medio sin medio
Código del tipo de medio n
338 ## - TIPO DE SOPORTE
Fuente rdacarrier
Nombre/término del tipo de soporte volumen
Código del tipo de soporte nc
504 ## - NOTA DE BIBLIOGRAFÍA, ETC.
Nota de bibliografía, etc. Bibliografía : página 186
520 2# - SUMARIO, ETC.
Sumario, etc. Este libro pretende ser tanto un complemento y una ayuda detallada al estudiante, como una guía que inspire al docente y facilite la np siempre sencilla tarea de buscar conjuntos de datos didácticos e interesantes. La inclusión de programas detallados en MATLAB facilita al estudiante la interacción con esta herramienta tan versátil, llenando las lagunas informáticas en las que el profesor a menudo no tiene tiempo de detenerse. Este libro contribuye además a la formación práctica de un tipo de profesional cada vez más demandado por las empresas: técnicos con conocimientos de estadística capaces de implementar sus análisis en MATLAB.
650 13 - PUNTO DE ACCESO ADICIONAL DE MATERIA--TÉRMINO DE MATERIA
9 (RLIN) 38241
Término de materia o nombre geográfico como elemento de entrada Estadística
650 13 - PUNTO DE ACCESO ADICIONAL DE MATERIA--TÉRMINO DE MATERIA
9 (RLIN) 150245
Término de materia o nombre geográfico como elemento de entrada Matemáticas y estadística
650 13 - PUNTO DE ACCESO ADICIONAL DE MATERIA--TÉRMINO DE MATERIA
9 (RLIN) 160482
Término de materia o nombre geográfico como elemento de entrada Análisis de multivarianza
650 13 - PUNTO DE ACCESO ADICIONAL DE MATERIA--TÉRMINO DE MATERIA
9 (RLIN) 144311
Término de materia o nombre geográfico como elemento de entrada Statistics
650 13 - PUNTO DE ACCESO ADICIONAL DE MATERIA--TÉRMINO DE MATERIA
9 (RLIN) 150246
Término de materia o nombre geográfico como elemento de entrada Mathematics and statistics
650 13 - PUNTO DE ACCESO ADICIONAL DE MATERIA--TÉRMINO DE MATERIA
9 (RLIN) 154982
Término de materia o nombre geográfico como elemento de entrada Multivariate analysis
700 1# - PUNTO DE ACCESO ADICIONAL--NOMBRE DE PERSONA
9 (RLIN) 186874
Nombre de persona Grané Chávez, Aurea
Término indicativo de función/relación autora
942 ## - ELEMENTOS DE PUNTO DE ACCESO ADICIONAL (KOHA)
Fuente del sistema de clasificación o colocación Dewey Decimal Classification
Tipo de ítem Koha
Holdings
Estado de retiro Estado de pérdida Fuente del sistema de clasificación o colocación Estado dañado Restricciones de uso No para préstamo Código de colección Localización permanente Ubicación/localización actual Fecha de adquisición Fuente de adquisición Número de inventario Total de préstamos Signatura topográfica completa Código de barras Fecha visto por última vez Número de copia Precio válido a partir de Tipo de ítem Koha
    Dewey Decimal Classification   Préstamo interno   General Ingenieria Agroindustrial Ingenieria Agroindustrial 16/12/2021 Compra Carvann Books F. C 22 Consumo   519.535 B35 2017 1102014713 02/05/2023 Ej. 1 02/05/2023 Libro
    Dewey Decimal Classification   Préstamo 5 días   General Ingenieria Agroindustrial Ingenieria Agroindustrial 16/12/2021 Compra Carvann Books F. C 22 Consumo   519.535 B35 2017 1102014714 02/05/2023 Ej. 2 02/05/2023 Libro
    Dewey Decimal Classification   Préstamo 5 días   General Ingenieria Agroindustrial Ingenieria Agroindustrial 16/12/2021 Compra Carvann Books F. C 22 Consumo   519.535 B35 2017 1102014715 02/05/2023 Ej. 3 02/05/2023 Libro